| 000 | 00735cam a2200241 i 4500 | ||
|---|---|---|---|
| 008 | |||
| 020 | _a0890210454 (pbk.) | ||
| 049 | _aMAIN | ||
| 090 |
_aT14.5 _bGOU |
||
| 100 | 1 | 0 | _aGoulet, Denis. |
| 245 | 1 | 4 |
_aThe uncertain promise : _bvalue conflicts in technology transfer / _cDenis Goulet. |
| 260 | 0 |
_aNew York :Overseas Development Council, _c1977. |
|
| 300 |
_axiv, 320 p. ; _c22 cm. |
||
| 500 | _aIncludes index. | ||
| 504 | _aIncludes bibliographical references. | ||
| 650 | 0 | _aTechnology and civilization. | |
| 650 | 0 | _aTechnology transfer. | |
| 907 |
_a.b10245352 _b13-02-09 _c18-05-07 |
||
| 003 | |||
| 005 | 20230123134447.0 | ||
| 040 | _cNUST | ||
| 942 |
_cBOOKS _kT14.5 _mGOU |
||
| 999 |
_c166318 _d166318 |
||